| 000 | 00397nam a22001337a 4500 | ||
|---|---|---|---|
| 020 | _a0-02-946205-3 | ||
| 082 | _a620 SHE | ||
| 100 |
_aSHEARER, J.LOWEN , KULANKOWSKI, BOHDAN T _961749 |
||
| 245 | _aDYNAMIC MODELLING AND CONTROL OF ENGINEERING SYSTEM | ||
| 260 |
_aNEW YORK _bMACMILLAN PUBLISH _c1990 |
||
| 300 | _aXIII,367 P | ||
| 650 |
_aENGINEERING MATHEMATICAL MODELS _961750 |
||
| 942 | _cBK | ||
| 999 |
_c571093 _d571093 |
||